| 000 | 01204nam0a2200325 4500 | ||
|---|---|---|---|
| 001 | RU\NLR\bibl\1354341 | ||
| 005 | 20260405185735.0 | ||
| 010 |
_a978-5-699-33727-9 _94000 |
||
| 021 |
_aRU _b2009-25509 _9127д |
||
| 035 | _a(NLR Aleph) 001339402 | ||
| 090 |
_a851108 _c851108 |
||
| 100 | _a20090408d2009 |||y0rusy50 ca | ||
| 101 | 0 | _arus | |
| 102 | _aRU | ||
| 105 | _ay ||||||||| | ||
| 200 | 1 |
_a10 мифов о КГБ _fАлександр Север |
|
| 210 |
_aМосква _cЭксмо _cЯуза _d2009 |
||
| 215 |
_a318, [1] с. _d21 |
||
| 225 | 1 | _a10 мифов | |
| 320 | _aБиблиогр.: с. 307-317 | ||
| 601 | 0 | 1 |
_aСССР _bКомитет государственной безопасности _xИстория _92154916 _3RU\NLR\auth\661297383 |
| 686 | _aХ621.162.01 | ||
| 686 | _aЦ68,6(2)-221.1г | ||
| 700 | 1 |
_4070 _7ca _8rus _aСевер _bА. _cисторик _f1956- _gАлександр _964935 _3RU\NLR\AUTH\7782007 |
|
| 801 | 0 |
_aRU _bNLR _c20090408 _gRCR |
|
| 801 | 1 |
_aRU _bNLR _c20090408 |
|
| 942 | _cBOOK | ||
| 980 | _aNB | ||